000 00447nam a2200169Ia 4500
003 LK-CoDNM
005 20240305132815.0
008 010623t1931 xxu||||| |||| 00| 1 sin d
040 _aLK-CoDNM
_dLK-CoDNM
_eLK-CoDNM
041 _asin
080 _a104 Z7
245 _aඅවුරුදු උළෙල
246 _aAvurudu Ulela
260 _bSri Sucharitha Vardhana Samithiya
_aDikvatta
_c1931
300 _bDamaged
_a9p.,22 cm
942 _cBK
999 _c95783
_d95783